LEADER 00995cam0-22003011i-450- 001 990004507530403321 005 20140721085428.0 035 $a000450753 035 $aFED01000450753 035 $a(Aleph)000450753FED01 035 $a000450753 100 $a19990604d1929----km-y0itay50------ba 101 0 $afre 102 $aFR 105 $ay-------001yy 200 1 $a<>jansénistes du XVIIIe siècle et la constitution civile du Clergé$ele développement du richérisme$esa propagation dans le Bas Clergé 1713-1791$fE. Préclin 210 $aParis$cLibrairie Universitaire J. Gamber$d1929 215 $aXXXI, 578 p.$d26 cm 676 $a284.840944 676 $a273 700 1$aPréclin,$bEdmond$f<1888-1955>$0412036 801 0$aIT$bUNINA$gRICA$2UNIMARC 901 $aBK 912 $a990004507530403321 952 $a284.84 PRE 1$bBibl. 30913$fFLFBC 959 $aFLFBC 996 $aJansénistes du XVIIIe siècle et la constitution civile du Clergé$9547775 997 $aUNINA